Normal view
MARC view
Entry Personal Name
001 - CONTROL NUMBER
- control field: 50858
003 - CONTROL NUMBER IDENTIFIER
- control field: dpl
005 - DATE AND TIME OF LATEST TRANSACTION
- control field: 20120808105653.0
008 - FIXED-LENGTH DATA ELEMENTS
- fixed length control field: 120808|||a|||||| | ||| d
040 ## - CATALOGING SOURCE
- Original cataloging agency: dpl
- Transcribing agency: dpl
100 ## - HEADING--PERSONAL NAME
- Personal name: Singh, Mahesh Vikram.
670 ## - SOURCE DATA FOUND
- Source citation: Work cat.: (dpl)68754: Singh, Mahesh Vikram., Delhi Sultanate/, 2011
670 ## - SOURCE DATA FOUND
- Source citation: Work cat.: (dpl)68754: Singh, Mahesh Vikram., Delhi Sultanate/, 2011
